Saber hacer : biología 2 es /

Guardado en:
Autor Principal: Gleiser, Marcela
Otros Autores: Martínez Filomeno, María Sandra, Salatino, Luz
Formato: Libro
Publicado: Buenos Aires : Estrada, 2009
Series:Confluencias
Materias:
Etiquetas: Agregar Etiqueta
Sin Etiquetas, Sea el primero en etiquetar este registro!
LEADER 01442nam a22002535a 4500
001 CEM.cems013496
005 20110303101318.0
008 130507s2009##################000#0#####d
003 CEMS
020 |a 9789500112413 
082 0 4 |a Z574 
100 1 |a Gleiser, Marcela 
245 1 0 |a Saber hacer :  |b biología 2 es /  |c Marcela Gleiser, María Sandra Martínez Filomeno y Luz Salatino 
260 |a Buenos Aires :  |b Estrada,  |c 2009 
300 |a 32 p. 
490 0 |a Confluencias 
500 |a Cuaderno de procedimientos 
505 0 |a El desafío de aprender -- Actividades de aprendizaje -- La indagación -- La observación -- Fuentes de recopilación de información -- La clasificación de los seres vivos -- La construcción de un dendograma -- Aplicación de un dendograma a un grupo de organismos -- Los amniotas -- La clave dicotómica -- Los cuadros comparativos -- La comunicación del conocimiento -- El informe -- La noticia -- El folleto -- Las analogías -- Cuadro sinóptico -- Las encuestas -- Diseño de un cuestionario -- La aplicación de los árboles genealógicos -- Determinación de la calidad del agua -- Parámetros físicos -- Parámetros químicos -- Parámetros biológicos 
653 |a Ciencias naturales 
653 |a Biología-actvidades 
653 |a Biología-2º esb 
700 1 |a Martínez Filomeno, María Sandra 
700 1 |a Salatino, Luz 
859 |a CEMS  |b BIB. CEMS - 11 de abril  |h Z574  |i G482-1  |p 26122.11  |t Ej.1  |v 2  |3 2